| 000 | 00751nam a2200229 a 4500 | ||
|---|---|---|---|
| 005 | 20250620063856.0 | ||
| 008 | 991125s2002 ea 000 0 eng u | ||
| 020 | _a0415230519 | ||
| 035 | _aUPN01000022904 | ||
| 049 | _aCG | ||
| 050 | 4 |
_aLC4801 _bT4.3 |
|
| 100 | 1 | _aThacker, John | |
| 245 | 1 | 0 |
_aEducating children with emotional and behavioural difficulties : _binclusive practice in mainstream schools / _cJonh thacker, Dave Strudwick, Elly Babbedge. |
| 260 |
_aNew York : _bRoutledge, _c2002. |
||
| 300 | _a154 p. | ||
| 440 | 0 | _aSchool concerns | |
| 650 | 4 |
_aNIÑOS PROBLEMA - _xEDUCACION _912089 |
|
| 650 | 2 |
_aModificación de la conducta _99956 |
|
| 700 | 1 |
_aStrudwick, Dave, _ecoaut. |
|
| 700 | 1 |
_aBabbedge, Elly, _ecoaut. |
|
| 905 | _aLibro | ||
| 999 |
_c22904 _d22904 |
||